00000000nam##2200000za#4500
0019.686861
003CaOODSP
00520210624230724
007cr |||||||||||
008150407|2004||||xxc|||||o    f|0| 0 eng|d
020 |a0-662-36201-2
040 |aCaOODSP|beng
043 |an-cn---
0861 |aPS48-1/2004E-PDF
1101 |aCanada.|bPublic Safety and Emergency Preparedness Canada. |bCritical Infrastructure Protection and Emergency Preparedness.
24510|aInnovations in GIS emergency response planning / |h[electronic resource]|cAuthor: David Spearin.
260 |aOttawa - Ontario : |bPublic Safety and Emergency Preparedness Canada. |c2004.
300 |a39p.|bfigs. (some coloured), tables
590 |a08-02-Supp|b2008-04-07
69007|aEmergency preparedness|2gcpds
7201 |aSpearin, David
77508|tInnovations dans la planification des interventions d'urgence à l'aide des SIG / |w(CaOODSP)9.631323
85640|ahttp://publications.gc.ca|qPDF|s309 KB|uhttps://publications.gc.ca/collections/collection_2008/ps-sp/PS48-1-2004E.pdf